Thermodynamics of atmospheres and oceans

Αποθηκεύτηκε σε:
Λεπτομέρειες βιβλιογραφικής εγγραφής
Κύριος συγγραφέας: Curry, Judith A.
Άλλοι συγγραφείς: Webster, Peter J.
Μορφή: Βιβλίο
Γλώσσα:English
Δημοσίευση: San Diego : Academic Press, 1999
Σειρά:International geophysics series ; ; 65
Θέματα:
Ετικέτες: Προσθήκη ετικέτας
Δεν υπάρχουν, Καταχωρήστε ετικέτα πρώτοι!

MARC

LEADER 00000nam a2200000 i 4500
001 1/71913
008 080123s1999 eng d
020 |a 0-12-199570-4 
035 |l 10094020 
040 |a GR-MY-UA  |b gre  |e aacr 
041 0 |a eng 
082 0 |a 551.5246  |2 (22) 
100 1 |a Curry, Judith A. 
245 1 0 |a Thermodynamics of atmospheres and oceans /  |c Judith A. Curry and Peter J. Webster 
260 |a San Diego :   |b Academic Press,   |c 1999 
300 |a xvii, 471 σ.;  |b εικ., χάρτες;  |c 24 εκ. 
490 1 |a International geophysics series  |v ; 65 
504 |a Βιβλιογραφία: σ. 450-455 
504 |a Ευρετήριο: σ. 456-467 
650 0 0 |a Atmospheric thermodynamics. 
650 0 0 |a Ocean-atmosphere interaction. 
650 0 0 |a Marine meteorology. 
650 0 0 |a Climatic changes. 
700 1 |a Webster, Peter J. 
830 0 |a International geophysics series ;  |v ; 65 
852 |a INST  |b LESVOS  |e 20080123  |h 551.5246 CUR  |p 005100040310  |q 005100040310  |t BK  |y 0 
901 |a BIBL1-2008-1 
909 |a Λ  |b 142579 
922 |a 1ΕΛΗ  |b 200712  |c ΕΠΕΑΕΚ2/ΤΕΘ  |d ΕΛΕΥΘΕΡΟΥΔΑΚΗΣ 
970 |a ΚΑΡΑ  |b ΓΙΑΣΕΜΗ  |z 2008/01/23